Diseño de elementos de máquinas

Сохранить в:
Библиографические подробности
Главный автор: Mott, Robert L. (autor)
Формат:
Язык:испанский
Опубликовано: Ciudad de México Prentice Hall Hispanoamericana 1995
Предметы:
Метки: Добавить метку
Нет меток, Требуется 1-ая метка записи!

MARC

LEADER 00000nam a2200000 a 4500
001 UCU2887
003 CL-VaPUC
008 960429e19950000MX |||||||||||||||||spa|d
082 0 4 |a 621.815  |b MOT  |2 21 
100 |a Mott, Robert L.  |e autor  |9 359464 
245 1 0 |a Diseño de elementos de máquinas 
300 |a 787 p 
942 |c BK 
945 |d 19960429 00:00:00  |a mcarcey 
260 |a Ciudad de México  |b Prentice Hall Hispanoamericana  |c 1995 
650 0 |a Maquinaria  |9 260482 
650 0 |a Diseño de máquinas   |9 271533 
650 0 |a Ingeniería mecánica   |9 262089 
650 0 |a Engranajes   |9 271783 
650 0 |a Resortes  |9 359465 
650 0 |a Tolerancia  |9 313098 
650 0 |a Empaquetaduras  |9 359466 
650 0 |a Engranajes   |9 271783 
650 0 |a Cojinetes  |9 359467 
650 0 |a Embragues  |9 359468 
650 0 |a Frenos   |9 271672 
650 0 |a Motores eléctricos   |9 260085 
583 |a last modification  |c 19960429 00:00:00  |k Rodrigo Vera 
999 |c 247069  |d 247067 
952 |0 0  |1 0  |4 0  |6 621_815000000000000_MOT_1995  |7 0  |8 R  |9 262613  |a BIBMEC  |b BIBMEC  |d 2019-11-19  |i 3194396  |l 1  |o 621.815 MOT 1995  |p 3194396  |r 2024-01-19  |s 2022-03-28  |w 2019-11-19  |y BK_R  |k MEC 
952 |0 0  |1 0  |4 0  |6 621_815000000000000_MOT_1995  |7 0  |8 R  |9 262614  |a BIBMEC  |b BIBMEC  |d 2019-11-19  |i 319440K  |o 621.815 MOT 1995  |p 319440K  |r 2024-01-19  |w 2019-11-19  |y BK_R  |k MEC 
952 |0 0  |1 0  |4 0  |6 621_815000000000000_MOT_1995  |7 0  |8 R  |9 262615  |a BIBMEC  |b BIBMEC  |d 2019-11-19  |i 321964K  |o 621.815 MOT 1995  |p 321964K  |r 2024-01-19  |w 2019-11-19  |y BK_R  |k MEC 
952 |0 0  |1 0  |4 0  |6 621_815000000000000_MOT_1995  |7 0  |8 R  |9 262616  |a BIBMEC  |b BIBMEC  |d 2019-11-19  |i 3284239  |o 621.815 MOT 1995  |p 3284239  |r 2024-01-19  |w 2019-11-19  |y BK_R  |k MEC 
952 |0 0  |1 0  |4 0  |6 621_815000000000000_MOT_1995  |7 0  |8 R  |9 262617  |a BIBMEC  |b BIBMEC  |d 2019-11-19  |i 3422445  |o 621.815 MOT 1995  |p 3422445  |r 2024-01-19  |w 2019-11-19  |y BK_R  |k MEC 
952 |0 0  |1 0  |4 0  |6 621_815000000000000_MOT_1995  |7 0  |8 R  |9 262618  |a BIBMEC  |b BIBMEC  |d 2019-11-19  |i 3422453  |l 1  |o 621.815 MOT 1995  |p 3422453  |r 2024-01-19  |s 2022-03-21  |w 2019-11-19  |y BK_R  |k MEC 
952 |0 0  |1 0  |4 0  |6 621_815000000000000_MOT_1995  |7 0  |8 R  |9 262619  |a BIBMEC  |b BIBMEC  |d 2019-11-19  |i 3380823  |o 621.815 MOT 1995  |p 3380823  |r 2024-01-19  |w 2019-11-19  |y BK_R  |k MEC 
952 |0 0  |1 0  |4 0  |6 621_815000000000000_MOT_1995  |7 0  |8 R  |9 262620  |a BIBMEC  |b BIBMEC  |d 2019-11-19  |i 3782689  |o 621.815 MOT 1995  |p 3782689  |r 2024-01-19  |w 2019-11-19  |y BK_R  |k MEC